000 00587nam a2200217 i 4500
001 bgj
100 1 _aNIZON, Paul.
245 1 0 _aAm Schreiben gehen :
_bFrankfurter Vorlesungen /
_cPaul Nizon.
260 _aFrankfurt am Main :
_bSuhrkamp,
_c1985.
300 _a136, [1] s. ;
_c18 cm.
490 1 _aEdition Suhrkamp
_pNeue Folge Band
_v328
650 9 _aLiteratura
_xteoria
830 _aEdition Suhrkamp
_pNeue Folge Band
020 _a3518113283
040 _cBPK
041 0 _ager
044 _aDEU
080 _a82
942 _cKS
008 s gw f |000 0 ger
999 _c50226
_d50226
856 _uhttp://koha.tu.koszalin.pl/cgi-bin/koha/opac-detail.pl?biblionumber=50226
_yKatalog online BPK